Normal view
MARC view
Entry Geographic Name
001 - CONTROL NUMBER
- control field: 48984
003 - CONTROL NUMBER IDENTIFIER
- control field: ARRUPE
005 - DATE AND TIME OF LATEST TRANSACTION
- control field: 20200122091427.0
008 - FIXED-LENGTH DATA ELEMENTS
- fixed length control field: 200122|| aca||aabn | a|a d
040 ## - CATALOGING SOURCE
- Original cataloging agency: ARRUPE
- Transcribing agency: ARRUPE
151 ## - HEADING--GEOGRAPHIC NAME
- Geographic name: Great Britain
- General subdivision: Court and courtiers.
670 ## - SOURCE DATA FOUND
- Source citation: Work cat.: (ARRUPE)0: Turner, Ernest Sockville 48983, The Court of St. James :, 1959.